ბათუმის შოთა რუსთაველის სახელმწიფო უნივერსიტეტის ბიბლიოთეკა

განაზრებანი ქართული ფილოსოფიის შესახებ = Erlauterungen zur georgischen Philosophie / (ბიბ.ჩანაწერი № 58845)

000 -ლიდერი
ფიქსირებული სიგრძის საკონტროლო ველი 01545nam a22002417a 4500
003 - საკონტროლო ნომრის იდენტიფიკატორი
საკონტროლო ველი Ge_BSU
005 - ბოლო ოპერაციის თარიღი და დრო
საკონტროლო ველი 20221007120157.0
008 - ფიქსირებული სიგრძის მონაცემთა ელემენტები - ზოგადი ინფორმაცია
ფიქსირებული სიგრძის საკონტროლო ველი 221007s2010 ge ||||| |||| 00| 0 geo d
020 ## - წიგნის საერთაშორისო სტანდარტული ნომერი
International Standard Book Number 9789941416361
041 ## - ენის კოდი
Language code of text/sound track or separate title geo
080 ## - უნივერსალური ათობითი კლასიფიკაციის ინდექსი
Universal Decimal Classification number 1(479.22) ი-35
100 ## - მთავარი ჩანაწერი - პიროვნების სახელი
Personal name იეკი, უდო რაინჰოლდ
9 (RLIN) 6925
245 ## - ცნობა სათაურის შესახებ
Title განაზრებანი ქართული ფილოსოფიის შესახებ = Erlauterungen zur georgischen Philosophie /
Statement of responsibility, etc უდო რაინჰოლდ იეკი ; გერმ. თარგმნა ლალი ზაქარაძემ ; [რედ. გურამ თევზაძე ; გრიგოლ რობაქიძის სახ. უნ-ტი, ფილოს. და სოციალ. მეცნ. კვლევ. ინ-ტი].
250 ## - გამოცემის ცნობა
Edition statement [I-ლი ქართ. გამოც.].
264 ## - წარმოების, გამოცემის, დისტრიბუციის და სხვა ცნობები
გამოცემის, წარმოების, დისტრიბუციის... ადგილი თბ. :
გამოცემის, წარმოების, დისტრიბუციის... სახელწოდება [ნეკერი],
გამოცემის, წარმოების, დისტრიბუციის... თარიღი 2010.
300 ## - ფიზიკური აღწერა
Extent 88 გვ. ;
Other physical details 15 სმ.
500 ## - ზოგადი შენიშვნა
General note ტექსტი გერმ. და ქართ.
სახელთა საძ.: გვ. 82-85.
653 ## - INDEX TERM--UNCONTROLLED
Uncontrolled term ქართული ფილოსოფია
653 ## - INDEX TERM--UNCONTROLLED
Uncontrolled term გერმანული ფილოსოფია
700 ## - ADDED ENTRY--PERSONAL NAME
Personal name თევზაძე, გურამ
Relator term რედაქტორი
9 (RLIN) 15137
710 ## - ADDED ENTRY--CORPORATE NAME
Corporate name or jurisdiction name as entry element გრიგოლ რობაქიძის სახ. უნ-ტი.
Subordinate unit ფილოს. და სოციალ. მეცნ. კვლევ. ინ-ტი
9 (RLIN) 6937
942 ## - ADDED ENTRY ELEMENTS (KOHA)
Source of classification or shelving scheme
Koha item type წიგნი
ეგზემპლარები
ჩამოწერის სტატუსი დაკარგული ეგზემპლარის სტატუსი კლასიფიკაციის წყარო ან თაროზე გაწყობის სქემა დაზიანების სტატუსი არ გაიცემა მუდმივი მდებარეობა (დაცვის ადგილი) ამჟამინდელი ადგილსამყოფელი თაროზე განთავსების ადგილი შეძენის თარიღი ღირებულება, შესყიდვის ნორმალური ფასი სრული შენახვის შიფრი შტრიხკოდი ბოლო ოპერაციის თარიღი ეგზემპლარის მიმდევრობითი ნომერი (კეტერი?) ფასის ძალაში შესვლის თარიღი ეგზემპლარის სახეობა საჯარო შენიშვნა
          ბათუმის შოთა რუსთაველის სახელმწიფო უნივერსიტეტის მთავარი ბიბლიოთეკა ბათუმის შოთა რუსთაველის სახელმწიფო უნივერსიტეტის მთავარი ბიბლიოთეკა წიგნსაცავი 2022-10-07 4.00 1(479.22) ი-35 28629 2022-10-07 28629 2022-10-07 წიგნი 4 ლ.